El cultivo del pistacho

Na minha lista:
Detalhes bibliográficos
Autor principal: Couceiro López, José Francisco (autor)
Outros Autores: Guerrero Villaseñor, Julián (autor), Gijón López, María Carmen (autora), Moriana Elvira, Alfonso (autor), Pérez López, David (autor), Rodríguez de Francisco, Marina (autora)
Formato: Livro
Idioma:espanhol
Publicado em: Madrid Mundi-Prensa 2013
Edição:1a. ed
Assuntos:
Tags: Adicionar Tag
Sem tags, seja o primeiro a adicionar uma tag!

MARC

LEADER 00000cam a2200000 a 4500
001 UCD3260
003 CL-VaPUC
008 160603e20130000sp |||||||||||||||||spa|d
020 |a 9788484766421 
082 0 4 |a 634.574  |b COU  |2 21 
100 |a Couceiro López, José Francisco  |e autor  |9 586655 
700 |a Guerrero Villaseñor, Julián  |e autor  |9 586656 
700 |a Gijón López, María Carmen  |e autora  |9 586657 
700 |a Moriana Elvira, Alfonso  |e autor  |9 586658 
700 |a Pérez López, David  |e autor  |9 586659 
700 |a Rodríguez de Francisco, Marina  |e autora  |9 586660 
245 1 3 |a El cultivo del pistacho 
250 |a 1a. ed 
300 |a 724 p 
942 |c BK 
945 |d 20160603 11:42:00  |a cmena 
260 |a Madrid  |b Mundi-Prensa  |c 2013 
650 0 |a Pistacho  |9 325349 
650 0 |a Cultivo  |9 264268 
650 7 |a FENOLOGIA  |2 CL-VaPUC  |9 358452 
650 7 |a PORTAINJERTOS  |2 CL-VaPUC  |9 586661 
650 0 |a Cultivares  |9 473961 
650 0 |a Polinización  |9 259680 
650 0 |a Postcosecha  |9 325633 
583 |a last modification  |c 20160603 11:42:00  |k Rodrigo Vera 
999 |c 364296  |d 364294 
952 |0 0  |1 0  |3 erd  |4 0  |6 634_574000000000000_COU_2013  |7 0  |8 A  |9 477314  |a BIBAGR  |b BIBAGR  |i 5291216  |l 4  |o 634.574 COU 2013  |p 5291216  |r 2025-01-20  |s 2023-06-22  |w 2019-11-24  |y BK  |z Catalogado en:20160603  |k AGR 
952 |0 0  |1 0  |3 erd  |4 0  |6 634_574000000000000_COU_2013  |7 0  |8 A  |9 477315  |a BIBAGR  |b BIBAGR  |i 5291208  |l 1  |o 634.574 COU 2013  |p 5291208  |r 2025-01-20  |s 2022-05-20  |w 2019-11-24  |y BK  |z Catalogado en:20160603  |k AGR